Tool design (Record no. 8276)

MARC details
000 -LEADER
fixed length control field 00446nam a2200217Ia 4500
001 - CONTROL NUMBER
control field 081954
003 - CONTROL NUMBER IDENTIFIER
control field YMCAF
005 - DATE AND TIME OF LATEST TRANSACTION
control field 20230512161344.0
008 - FIXED-LENGTH DATA ELEMENTS--GENERAL INFORMATION
fixed length control field 100717s2001 ||||||||||||||||| ||und|d
024 ## - OTHER STANDARD IDENTIFIER
Standard number or code 81954
035 ## - SYSTEM CONTROL NUMBER
System control number 21414
040 ## - CATALOGING SOURCE
Original cataloging agency YMCAF
Language of cataloging eng
Transcribing agency IN-KoLT
041 ## - LANGUAGE CODE
Language code of text/sound track or separate title eng
082 ## - DEWEY DECIMAL CLASSIFICATION NUMBER
Classification number 621.9
Item number DON
100 ## - MAIN ENTRY--PERSONAL NAME
Personal name Donaldson, C
245 #0 - TITLE STATEMENT
Title Tool design
250 ## - EDITION STATEMENT
Edition statement 3rd
260 ## - PUBLICATION, DISTRIBUTION, ETC.
Name of publisher, distributor, etc. TMH
Date of publication, distribution, etc. 2001
300 ## - PHYSICAL DESCRIPTION
Extent 981
942 ## - ADDED ENTRY ELEMENTS (KOHA)
Source of classification or shelving scheme Dewey Decimal Classification
Koha item type Books
Holdings
Withdrawn status Lost status Damaged status Not for loan Home library Current library Date acquired Cost, normal purchase price Total Checkouts Barcode Date last seen Cost, replacement price Price effective from Koha item type Public note G
        JC Bose University of Science & Technology JC Bose University of Science & Technology 17/07/2010 275.00   21423 12/05/2023 275.00 12/05/2023 Books C 111/961/01-02
        JC Bose University of Science & Technology JC Bose University of Science & Technology 17/07/2010 275.00   21414 12/05/2023 275.00 12/05/2023 Books C 111/961/01-02
        JC Bose University of Science & Technology JC Bose University of Science & Technology 17/07/2010 275.00   21415 12/05/2023 275.00 12/05/2023 Books C 111/961/01-02
        JC Bose University of Science & Technology JC Bose University of Science & Technology 17/07/2010 275.00   21416 12/05/2023 275.00 12/05/2023 Books C 111/961/01-02
        JC Bose University of Science & Technology JC Bose University of Science & Technology 17/07/2010 275.00   21417 12/05/2023 275.00 12/05/2023 Books C 111/961/01-02
  Lost     JC Bose University of Science & Technology JC Bose University of Science & Technology 17/07/2010 275.00   21418 12/05/2023 275.00 12/05/2023 Books C 111/961/01-02
        JC Bose University of Science & Technology JC Bose University of Science & Technology 17/07/2010 275.00   21419 12/05/2023 275.00 12/05/2023 Books C 111/961/01-02
        JC Bose University of Science & Technology JC Bose University of Science & Technology 17/07/2010 275.00   21420 12/05/2023 275.00 12/05/2023 Books C 111/961/01-02
        JC Bose University of Science & Technology JC Bose University of Science & Technology 17/07/2010 275.00   21421 12/05/2023 275.00 12/05/2023 Books C 111/961/01-02
        JC Bose University of Science & Technology JC Bose University of Science & Technology 17/07/2010 275.00   21422 12/05/2023 275.00 12/05/2023 Books C 111/961/01-02